Statistics for Countries with highest inflation

Click here to take the quiz!

General Stats

  • This quiz has been taken 87 times
  • The average score is 8 of 20

Answer Stats

RankCountryRate% Correct
1Venezuela159.06%
75%
8Russia15.79%
59%
11Iran15.09%
57%
14Egypt11%
54%
2Ukraine49.98%
51%
6Sudan19.8%
47%
7Argentina16.82%
46%
20Nigeria9.08%
46%
3South Sudan41.1%
41%
10Belarus15.15%
36%
18Ethiopia9.98%
35%
12Eritrea12.26%
33%
4Yemen30.03%
30%
16Angola10.27%
28%
9Ghana15.31%
28%
13Burma12.17%
23%
17Sierra Leone10.21%
22%
5Malawi20.06%
21%
15Tajikistan10.83%
14%
19Uzbekistan9.75%
11%

Score Distribution

Percentile by Number Answered

Percent of People with Each Score

Your Score History

You have not taken this quiz